Rodné Slovensko jedinečný časopis o našej vlasti

Bibliographic Details
Other Authors: Čarná, Lenka (Publishing director)
Format: Journal
Language:Slovak
PhysicalDescription:5 zv. 30 cm
Published: Petrovany Mgr. Lenka Čarná 2015-2019
ISSN:1339-9551
Subjects:

MARC

LEADER 00000cas a2200000 a 4500
001 vtls010687927
003 SK-MaSNL
005 20260425194302.0
008 150623d20152019xo zx p 0 b0slo
022 |a 1339-9551 
040 |a SVKBB  |b slo  |c SVKBB  |d SNK  |e AACR2 
041 0 |a slo 
043 |a e-xo--- 
044 |a xo  |c SK 
072 7 |a 316.7  |x Sociológia kultúry. Kultúrny život  |2 konspekt 
072 7 |a 394  |x Verejný a spoločenský život. Každodenný život  |2 konspekt 
080 |a 93/94  |2 2011 
080 |a (437.6)  |2 2011 
080 |a 050  |2 2011 
080 |a 316.7  |2 2011 
080 |a (051)+(054)  |2 2011 
210 0 |a Rod. Slov. 
222 0 |a Rodné Slovensko 
245 0 0 |a Rodné Slovensko  |b jedinečný časopis o našej vlasti 
260 |a Petrovany  |b Mgr. Lenka Čarná  |c 2015-2019 
300 |a 5 zv.  |c 30 cm 
310 |a Občasník 
362 0 |a Roč. 1, č. 1 (2015)-roč. 5, č. 2 (2019) 
500 |a Šéfredaktorka: 2015-2019, Lenka Čarná 
500 |a Registračné číslo: EV 5192/15 
650 0 7 |a geografia  |2 SNKPH  |9 823 
650 0 7 |a kultúra  |2 SNKPH  |9 886 
650 0 7 |a dejiny  |2 SNKPH  |9 3825 
650 0 7 |a každodenný život  |2 SNKPH  |9 4946 
651 7 |a Slovensko  |2 SNKPHgeo  |9 14231 
655 7 |a miestne periodiká  |2 SNKPH  |9 160938 
700 1 |a Čarná, Lenka  |4 pbd  |9 274120 
910 |a snk 
910 |a svkbb 
916 |a 2015-2016, 2017-2019 
999 |c 9528  |d 11458 
952 |t č. 1-2  |a SNK  |b SNK  |c SNK_KF  |y PREZ  |7 0  |p 17A1556519  |o snkČSB 6498/5/2019 D1  |i snk2026/1957  |8 0  |0 0  |1 0  |4 0  |d 2026-02-05  |l 0  |r 2026-02-21 20:03:41  |w 2026-02-21 
952 |t č. 1-2  |a SNK  |b SNK  |y PREZ  |7 0  |p 17A1367441  |o snkČSB 6498/3/2017  |i snk2019/12993  |8 0  |f 1  |0 0  |1 0  |4 0  |d 2019-05-09  |l 0  |r 2026-02-21 21:02:49  |w 2026-02-21 
952 |t č. 1-2  |a SNK  |b SNK  |y PREZ  |7 0  |p 17A1367569  |o snkČSB 6498/4/2018  |i snk2019/12994  |8 0  |f 1  |0 0  |1 0  |4 0  |d 2019-05-09  |l 0  |r 2026-02-21 21:02:49  |w 2026-02-21 
952 |t č. 1-2  |a SNK  |b SNK  |y PREZ  |7 0  |p 17A1461147  |o snkČSB 6498/4/2018 D1  |i snk2021/16124  |8 0  |0 0  |1 0  |4 0  |d 2021-10-19  |l 0  |r 2026-02-21 21:29:07  |w 2026-02-21 
952 |t č. 1-2  |a SNK  |b SNK  |y PREZ  |7 0  |p 17A1461148  |o snkČSB 6498/5/2019  |i snk2021/16126  |8 0  |f 1  |0 0  |1 0  |4 0  |d 2021-10-19  |l 0  |r 2026-02-21 21:29:07  |w 2026-02-21 
952 |t č. 1  |a SNK  |b SNK  |y PREZ  |7 0  |p 17A1263950  |o snkČSB 6498/1/2015  |i snk2017/19188  |8 0  |f 1  |0 0  |1 0  |4 0  |d 2017-09-05  |l 0  |r 2026-02-21 21:49:03  |w 2026-02-21 
952 |t č. 1  |a SNK  |b SNK  |y PREZ  |7 0  |p 17A1263949  |o snkČSB 6498/1/2015 D1  |i snk2017/19189  |8 0  |0 0  |1 0  |4 0  |d 2017-09-05  |l 0  |r 2026-02-21 21:49:03  |w 2026-02-21 
952 |t č. 1-2  |a SNK  |b SNK  |y PREZ  |7 0  |p 17A1263948  |o snkČSB 6498/2/2016  |i snk2017/19190  |8 0  |f 1  |0 0  |1 0  |4 0  |d 2017-09-05  |l 0  |r 2026-02-21 21:49:03  |w 2026-02-21 
952 |t č. 1-2  |a SNK  |b SNK  |y PREZ  |7 0  |p 17A1383222  |o snkČSB 6498/3/2017 D1  |i snk2019/22755  |8 0  |0 0  |1 0  |4 0  |d 2019-09-11  |l 0  |r 2026-02-21 21:52:21  |w 2026-02-21 
952 |t č. 1-2  |a SNK  |b SNK  |y PREZ  |7 0  |p 17A1367440  |o snkČSB 6498/2/2016 D1  |i snk2019/12990  |8 0  |0 0  |1 0  |4 0  |d 2019-05-09  |l 0  |r 2026-02-21 22:06:44  |w 2026-02-21